[Event "FIN-chT1A 1617"]
[Site "Finland"]
[Date "2016.09.17"]
[Round "1.1"]
[White "Henttinen, Markku IO"]
[Black "Pitkaaho, Aki"]
[Result "1/2-1/2"]
[WhiteElo "2254"]
[BlackElo "2150"]
[PlyCount "94"]
[EventDate "2016.09.17"]
[EventType "team-tourn"]
[EventRounds "7"]
[EventCountry "FIN"]
[SourceTitle "EXT 2019"]
[Source "ChessBase"]
[SourceDate "2018.10.10"]
[SourceVersion "1"]
[SourceVersionDate "2018.10.10"]
[SourceQuality "1"]
[WhiteTeam "Helsinki SSK"]
[BlackTeam "Raahe Li"]
[WhiteTeamCountry "FIN"]
[BlackTeamCountry "FIN"]

1. d4 Nf6 2. c4 g6 3. Nc3 Bg7 4. e4 d6 5. f3 0-0 6. Be3 Nc6 7. Nge2 a6 8. Qd2 Rb8 9. Rd1 Re8 10. b3 b5 11. cxb5 axb5 12. d5 Ne5 13. Nd4 b4 14. Ncb5 Bd7 15. Rc1 Rb7 16. Qxb4 e6 17. Nc6 Bxc6 18. dxc6 Rb8 19. Be2 d5 20. 0-0 dxe4 21. Rfd1 Nd3 22. Qa5 Nd5 23. fxe4 Nxe3 24. Bxd3 Nxd1 25. Rxd1 Be5 26. g3 Qg5 27. a4 Qe3+ 28. Kg2 Qc5 29. Qd2 Qxc6 30. Rc1 Qd7 31. Qc2 Red8 32. Rd1 c6 33. Na3 Qb7 34. Nc4 Qxb3 35. Nxe5 Rxd3 36. Qxd3 Qb2+ 37. Rd2 Qxe5 38. Qc4 c5 39. Re2 Rb4 40. Qa6 Kg7 41. Qc6 c4 42. Rc2 Qd4 43. a5 Qd3 44. Rf2 c3 45. Qc7 Qxe4+ 46. Kh3 Qg4+ 47. Kg2 Qe4+ 1/2-1/2

[Event "FIN-chT1 East 1213"]
[Site "Finland"]
[Date "2013.01.12"]
[Round "5.1"]
[White "Pudas, Teemu"]
[Black "Henttinen, Markku IO"]
[Result "1/2-1/2"]
[WhiteElo "2300"]
[BlackElo "2238"]
[PlyCount "28"]
[EventDate "2012.09.29"]
[EventType "team-tourn"]
[EventRounds "7"]
[EventCountry "FIN"]
[SourceTitle "EXT 2019"]
[Source "ChessBase"]
[SourceDate "2018.10.10"]
[SourceVersion "1"]
[SourceVersionDate "2018.10.10"]
[SourceQuality "1"]
[WhiteTeam "Espoo ESK"]
[BlackTeam "Helsinki SSK"]
[WhiteTeamCountry "FIN"]
[BlackTeamCountry "FIN"]

1. e4 Nf6 2. e5 Nd5 3. c4 Nb6 4. d4 d6 5. Nf3 g6 6. Bf4 Bg4 7. Be2 Bg7 8. Nc3 Nc6 9. exd6 cxd6 10. d5 Bxf3 11. gxf3 Ne5 12. Rc1 0-0 13. Ne4 Rc8 14. b3 Nbd7 1/2-1/2

[Event "FIN-chT 1112"]
[Site "Finland"]
[Date "2011.09.18"]
[Round "2.1"]
[White "Henttinen, Markku IO"]
[Black "Sulskis, Sarunas"]
[Result "0-1"]
[WhiteElo "2270"]
[BlackElo "2577"]
[PlyCount "70"]
[EventDate "2011.09.17"]
[EventType "team-tourn"]
[EventRounds "11"]
[EventCountry "FIN"]
[SourceTitle "CBM 144 Extra"]
[Source "ChessBase"]
[SourceDate "2011.10.28"]
[SourceVersion "1"]
[SourceVersionDate "2011.10.28"]
[SourceQuality "1"]
[WhiteTeam "Helsinki SSK"]
[BlackTeam "Porvoo Velhot"]
[WhiteTeamCountry "FIN"]
[BlackTeamCountry "FIN"]

1. d4 Nf6 2. c4 c5 3. Nf3 cxd4 4. Nxd4 e5 5. Nb5 d5 6. cxd5 Bc5 7. N5c3 0-0 8. a3 Bg4 9. f3 Bf5 10. e4 Bd7 11. Bg5 Qb6 12. Qd2 a5 13. Nd1 Ne8 14. Be3 Na6 15. Bxa6 bxa6 16. Bxc5 Qxc5 17. Qe3 Qc7 18. 0-0 Nd6 19. Rf2 Rab8 20. Qc3 Qb6 21. Ne3 f5 22. exf5 e4 23. Nd2 Rfc8 24. Ndc4 Qa7 25. Rc1 Nxc4 26. Nxc4 Bb5 27. b3 a4 28. fxe4 axb3 29. Qxb3 Bxc4 30. Qc3 Bd3 31. Qxc8+ Rxc8 32. Rxc8+ Kf7 33. e5 Qe3 34. e6+ Kf6 35. Rf8+ Kg5 0-1

[Event "FIN-chT 1112"]
[Site "Finland"]
[Date "2011.09.17"]
[Round "1.1"]
[White "Huebner, Robert"]
[Black "Henttinen, Markku IO"]
[Result "1-0"]
[WhiteElo "2592"]
[BlackElo "2270"]
[PlyCount "53"]
[EventDate "2011.09.17"]
[EventType "team-tourn"]
[EventRounds "11"]
[EventCountry "FIN"]
[SourceTitle "CBM 144 Extra"]
[Source "ChessBase"]
[SourceDate "2011.10.28"]
[SourceVersion "1"]
[SourceVersionDate "2011.10.28"]
[SourceQuality "1"]
[WhiteTeam "Helsinki HSK"]
[BlackTeam "Helsinki SSK"]
[WhiteTeamCountry "FIN"]
[BlackTeamCountry "FIN"]

1. e4 c6 2. d4 Na6 3. c4 d6 4. Nc3 e5 5. Be3 Be7 6. Qd2 Nf6 7. h3 0-0 8. Nf3 exd4 9. Nxd4 d5 10. cxd5 cxd5 11. Bxa6 bxa6 12. Nc6 Qc7 13. Nxd5 Nxd5 14. exd5 Bd6 15. 0-0 Bb7 16. Rac1 Qd7 17. Rc4 Rfe8 18. Rfc1 Qf5 19. Bc5 Bxc6 20. dxc6 Bc7 21. Qd7 Qe5 22. f4 Qxb2 23. Qxc7 Re2 24. f5 Rxg2+ 25. Kh1 Rg5 26. Rg1 Rxg1+ 27. Bxg1 1-0

[Event "FIN Team Cup"]
[Site "Finland"]
[Date "2011.08.20"]
[Round "3.1"]
[White "Hentunen, Asko"]
[Black "Henttinen, Markku IO"]
[Result "1-0"]
[WhiteElo "2327"]
[BlackElo "2278"]
[PlyCount "99"]
[EventDate "2011.03.26"]
[EventType "team-k.o."]
[EventRounds "5"]
[EventCountry "FIN"]
[SourceTitle "EXT 2022"]
[Source "ChessBase"]
[SourceDate "2021.10.06"]
[SourceVersion "1"]
[SourceVersionDate "2021.10.06"]
[SourceQuality "1"]
[WhiteTeam "Espoo MatSK"]
[BlackTeam "Helsinki SSK"]
[WhiteTeamCountry "FIN"]
[BlackTeamCountry "FIN"]

1. c4 Nf6 2. g3 c6 3. Nf3 d5 4. b3 Bg4 5. Bg2 e6 6. 0-0 Nbd7 7. Bb2 Be7 8. d3 h6 9. Nbd2 0-0 10. Qc2 a5 11. e4 Nc5 12. Ne5 Bh5 13. Qc3 d4 14. Qc2 Nfd7 15. Nef3 e5 16. h3 Qb6 17. Rab1 Ne6 18. Nh2 Ndc5 19. Ndf3 f6 20. Nh4 a4 21. Nf5 axb3 22. Nxe7+ Kf7 23. axb3 Kxe7 24. Bc1 Qb4 25. Bd2 Qa3 26. Rfe1 Ra6 27. Bf1 Rfa8 28. b4 Qa4 29. Qb2 Nd7 30. b5 R6a7 31. Qc1 g5 32. f4 gxf4 33. gxf4 exf4 34. bxc6 bxc6 35. Bxf4 Rg8+ 36. Kh1 Nxf4 37. Qxf4 Qa2 38. e5 fxe5 39. Rxe5+ Nxe5 40. Qxe5+ Kd7 41. Qxh5 Qf2 42. Ng4 Qf4 43. Bg2 Ra2 44. Rf1 Qg5 45. Qf7+ Kd8 46. Bxc6 Rg7 47. Qe8+ Kc7 48. Be4 Qe7 49. Qc6+ Kd8 50. Qb6+ 1-0

[Event "FIN-chT1A 1011"]
[Site "Finland"]
[Date "2011.02.12"]
[Round "7.1"]
[White "Henttinen, Markku IO"]
[Black "Kiuttu, Roope"]
[Result "1/2-1/2"]
[WhiteElo "2277"]
[BlackElo "2245"]
[PlyCount "31"]
[EventDate "2010.09.18"]
[EventType "team-tourn"]
[EventRounds "9"]
[EventCountry "FIN"]
[SourceTitle "EXT 2022"]
[Source "ChessBase"]
[SourceDate "2021.10.06"]
[SourceVersion "1"]
[SourceVersionDate "2021.10.06"]
[SourceQuality "1"]
[WhiteTeam "Helsinki SSK"]
[BlackTeam "Oulu OSS"]
[WhiteTeamCountry "FIN"]
[BlackTeamCountry "FIN"]

1. d4 d5 2. c4 e6 3. e3 Nf6 4. Nf3 Be7 5. Nc3 0-0 6. Bd3 b6 7. cxd5 exd5 8. Ne5 c5 9. 0-0 Qc7 10. Qf3 Be6 11. Re1 Nc6 12. Nxc6 Qxc6 13. e4 dxe4 14. Nxe4 Qd7 15. dxc5 bxc5 16. Bg5 1/2-1/2

[Event "FIN-ch"]
[Site "Lahti"]
[Date "2005.06.19"]
[Round "6"]
[White "Kosmo, Santul"]
[Black "Henttinen, Markku IO"]
[Result "1/2-1/2"]
[WhiteElo "2231"]
[BlackElo "2300"]
[PlyCount "46"]
[EventDate "2005.06.14"]
[EventType "swiss"]
[EventRounds "9"]
[EventCountry "FIN"]
[SourceTitle "EXT 2007"]
[Source "ChessBase"]
[SourceDate "2006.11.23"]
[SourceVersion "1"]
[SourceVersionDate "2006.11.23"]
[SourceQuality "1"]

1. e4 Nf6 2. e5 Nd5 3. d4 d6 4. c4 Nb6 5. exd6 exd6 6. Nc3 Nc6 7. Nf3 Bg4 8. Be2 Be7 9. d5 Bxf3 10. Bxf3 Ne5 11. Be2 0-0 12. b3 Bf6 13. Bb2 a5 14. a4 Nbd7 15. Qc2 Nc5 16. 0-0 Re8 17. Rfe1 Qd7 18. h3 Re7 19. Ba3 Ng6 20. Bg4 Qe8 21. Rxe7 Qxe7 22. Bxc5 dxc5 23. Rd1 Rd8 1/2-1/2

[Event "FIN-ch"]
[Site "Lahti"]
[Date "2005.06.15"]
[Round "2"]
[White "Henttinen, Markku IO"]
[Black "Vakeva, Jani"]
[Result "0-1"]
[WhiteElo "2300"]
[BlackElo "2167"]
[PlyCount "89"]
[EventDate "2005.06.14"]
[EventType "swiss"]
[EventRounds "9"]
[EventCountry "FIN"]
[SourceTitle "EXT 2007"]
[Source "ChessBase"]
[SourceDate "2006.11.23"]
[SourceVersion "1"]
[SourceVersionDate "2006.11.23"]
[SourceQuality "1"]

1. d4 Nf6 2. c4 g6 3. Nc3 Bg7 4. e4 d6 5. f3 0-0 6. Be3 Nc6 7. Qd2 a6 8. Rd1 e5 9. d5 Nd4 10. Nge2 Nxe2 11. Bxe2 Nh5 12. g4 Nf4 13. Bxf4 exf4 14. Qxf4 f5 15. exf5 gxf5 16. g5 Qe7 17. Kf2 Be5 18. Qd2 f4 19. h4 c5 20. Bd3 Bf5 21. Bxf5 Rxf5 22. Ne4 b5 23. b3 Rb8 24. Rb1 Rff8 25. Kg2 Rfc8 26. Nf2 Rb7 27. Rbc1 Bd4 28. Ng4 Be3 29. Nxe3 fxe3 30. Qd3 Qe5 31. Qc3 Qf4 32. Qe1 Re8 33. Rc2 Rbe7 34. cxb5 axb5 35. Qe2 Re5 36. Kh3 Rxd5 37. Qxb5 Qxf3+ 38. Kh2 Qf4+ 39. Kh3 Qf5+ 40. Kg3 Qe5+ 41. Kh3 Rd4 42. Qd7 e2 43. Re1 Qe3+ 44. Kg2 Qe4+ 45. Kg1 0-1

[Event "FIN-ch"]
[Site "Lahti"]
[Date "2005.06.14"]
[Round "1"]
[White "Sammalvuo, Tapani"]
[Black "Henttinen, Markku IO"]
[Result "1-0"]
[WhiteElo "2425"]
[BlackElo "2300"]
[PlyCount "105"]
[EventDate "2005.06.14"]
[EventType "swiss"]
[EventRounds "9"]
[EventCountry "FIN"]
[SourceTitle "EXT 2007"]
[Source "ChessBase"]
[SourceDate "2006.11.23"]
[SourceVersion "1"]
[SourceVersionDate "2006.11.23"]
[SourceQuality "1"]

1. e4 Nf6 2. e5 Nd5 3. d4 d6 4. Nf3 Bg4 5. Be2 e6 6. 0-0 Be7 7. h3 Bh5 8. c4 Nb6 9. Nc3 0-0 10. Be3 Nc6 11. exd6 cxd6 12. d5 Bxf3 13. Bxf3 Ne5 14. dxe6 fxe6 15. Bg4 Rf6 16. b3 Nxg4 17. Qxg4 Rg6 18. Qe4 Bf6 19. Bxb6 axb6 20. Qxe6+ Kh8 21. Qe3 Qd7 22. Rac1 Bxc3 23. Rxc3 Rxa2 24. Qxb6 h6 25. Qe3 Qc6 26. Qf3 Rf6 27. Qh5 Qc5 28. Qe8+ Kh7 29. Qe4+ Qf5 30. Qd4 Qc5 31. Qd3+ Qf5 32. g4 Qxd3 33. Rxd3 Kg8 34. f4 Re6 35. Rf2 Ra1+ 36. Kg2 Rb1 37. Kf3 Rh1 38. Kg2 Ree1 39. Kg3 Rhg1+ 40. Kh2 Rh1+ 41. Kg3 Rhg1+ 42. Kh4 Re6 43. f5 Rf6 44. Re2 Rb1 45. Re8+ Rf8 46. Re6 b5 47. cxb5 Rb8 48. Rg6 Kh7 49. Rdxd6 Rxb3 50. Rd7 Rg8 51. b6 Rb4 52. Kh5 Rb3 53. Rxh6# 1-0

[Event "FIN-chT1A 0102"]
[Site "Finland"]
[Date "2001.10.??"]
[Round "1.1"]
[White "Henttinen, Markku IO"]
[Black "Salo, Tapio"]
[Result "1-0"]
[WhiteElo "2285"]
[BlackElo "2319"]
[PlyCount "109"]
[EventDate "2001.10.??"]
[EventType "team-tourn"]
[EventRounds "7"]
[EventCountry "FIN"]
[SourceTitle "EXT 2022"]
[Source "ChessBase"]
[SourceDate "2021.10.06"]
[SourceVersion "1"]
[SourceVersionDate "2021.10.06"]
[SourceQuality "1"]
[WhiteTeam "Helsinki SSK"]
[BlackTeam "Salo SK"]
[WhiteTeamCountry "FIN"]
[BlackTeamCountry "FIN"]

1. d4 Nf6 2. c4 e6 3. Nf3 b6 4. g3 Bb7 5. Bg2 Be7 6. 0-0 0-0 7. Nc3 Ne4 8. Qc2 Nxc3 9. Qxc3 f5 10. b3 Bf6 11. Bb2 d6 12. Rfd1 Qe7 13. Rd2 a5 14. Rad1 Na6 15. Qe3 Rad8 16. h4 h6 17. Ne5 f4 18. gxf4 Bxe5 19. dxe5 Bxg2 20. exd6 Qxh4 21. Qxe6+ Kh7 22. Kxg2 Rxf4 23. f3 Qg5+ 24. Kf2 Nc5 25. Qe7 Ne4+ 26. Ke3 Nxd2 27. Qxg5 hxg5 28. dxc7 Rc8 29. Rxd2 Rxc7 30. Rd6 Re7+ 31. Kf2 g4 32. Kg3 Rf5 33. Kxg4 Rc5 34. e4 Rc8 35. Bd4 Rh8 36. Rxb6 Kg8 37. Rb8+ Kh7 38. Rb5 Ra8 39. Rh5+ Kg6 40. Rg5+ Kf7 41. Rxg7+ Ke6 42. Rxe7+ Kxe7 43. f4 a4 44. f5 Rg8+ 45. Kf3 Rd8 46. Ke3 Rg8 47. bxa4 Ra8 48. Bc5+ Kf6 49. a3 Rxa4 50. Bb4 Ra7 51. Kf4 Rh7 52. e5+ Kf7 53. e6+ Kf6 54. Bc3+ Ke7 55. Ke5 1-0

[Event "FIN-chT1B 0001"]
[Site "Finland"]
[Date "2001.??.??"]
[Round "7.1"]
[White "Holopainen, Timo"]
[Black "Henttinen, Markku IO"]
[Result "0-1"]
[WhiteElo "2241"]
[BlackElo "2278"]
[PlyCount "76"]
[EventDate "2000.11.??"]
[EventType "team-tourn"]
[EventRounds "7"]
[EventCountry "FIN"]
[SourceTitle "EXT 2022"]
[Source "ChessBase"]
[SourceDate "2021.10.06"]
[SourceVersion "1"]
[SourceVersionDate "2021.10.06"]
[SourceQuality "1"]
[WhiteTeam "Helsinki KapSK"]
[BlackTeam "Helsinki SSK"]
[WhiteTeamCountry "FIN"]
[BlackTeamCountry "FIN"]

1. d4 Nf6 2. c4 e6 3. Nc3 Bb4 4. a3 Bxc3+ 5. bxc3 c5 6. e3 d6 7. Bd3 Nc6 8. Ne2 e5 9. 0-0 Qa5 10. f3 Bd7 11. Bd2 Qa6 12. Ng3 Na5 13. f4 Nxc4 14. fxe5 dxe5 15. dxe5 Ng4 16. Nf5 Ngxe5 17. Nxg7+ Kf8 18. Qh5 Bg4 19. Bxc4 Bxh5 20. Bxa6 Kxg7 21. Rf5 f6 22. Bf1 Bg6 23. Rf4 Rad8 24. Be1 Rd6 25. c4 Rhd8 26. Bc3 Rd1 27. Ra2 R8d3 28. Bxe5 fxe5 29. Rff2 Rxe3 30. Rfd2 Ree1 31. Rxd1 Rxd1 32. Kf2 Kf6 33. Rb2 b6 34. Be2 Ra1 35. Rb3 Ra2 36. Ke3 Rc2 37. h4 Bf7 38. Kd3 Rxe2 0-1

[Event "FIN-chT1A 9899"]
[Site "Finland"]
[Date "1998.??.??"]
[Round "4.2"]
[White "Henttinen, Markku IO"]
[Black "Helin, Tapio"]
[Result "0-1"]
[WhiteElo "2285"]
[BlackElo "2050"]
[PlyCount "102"]
[EventDate "1998.??.??"]
[EventType "team-tourn"]
[EventRounds "9"]
[EventCountry "FIN"]
[SourceTitle "EXT 2022"]
[Source "ChessBase"]
[SourceDate "2021.10.06"]
[SourceVersion "1"]
[SourceVersionDate "2021.10.06"]
[SourceQuality "1"]
[WhiteTeam "Helsinki SSK"]
[BlackTeam "Hyvinkaa SK"]
[WhiteTeamCountry "FIN"]
[BlackTeamCountry "FIN"]

1. d4 Nf6 2. c4 g6 3. Nc3 Bg7 4. e4 d6 5. f3 0-0 6. Be3 c5 7. d5 e6 8. Qd2 exd5 9. cxd5 a6 10. a4 Nbd7 11. Nh3 Ne5 12. Nf2 Qa5 13. Ra3 Qb4 14. Nd3 Nxd3+ 15. Bxd3 Nd7 16. f4 f5 17. a5 Re8 18. e5 b5 19. axb6 dxe5 20. 0-0 e4 21. Bc2 Qxb6 22. Na4 Qd6 23. Qf2 Qxd5 24. Nxc5 Nxc5 25. Bxc5 Qf7 26. Rd1 Be6 27. Rd6 Bxb2 28. Raxa6 Bc4 29. Bb3 Bg7 30. Rxa8 Rxa8 31. Bd1 Bb3 32. Qd2 Bf8 33. Rd8 Rxd8 34. Qxd8 Bxd1 35. Bxf8 Qxf8 36. Qxd1 Qc5+ 37. Kf1 Kg7 38. Qd7+ Kh6 39. Qd1 Qe3 40. g3 Qd3+ 41. Qxd3 exd3 42. Kf2 g5 43. fxg5+ Kxg5 44. Ke3 Kg4 45. Kxd3 Kh3 46. Ke3 Kxh2 47. Kf3 Kh3 48. Kf2 h6 49. Kf3 h5 50. Kf2 Kh2 51. Kf3 Kg1 0-1

[Event "Lahti op"]
[Site "Lahti"]
[Date "1998.??.??"]
[Round "4"]
[White "Hintikka, Eero"]
[Black "Henttinen, Markku IO"]
[Result "0-1"]
[WhiteElo "2145"]
[BlackElo "2285"]
[PlyCount "67"]
[EventDate "1998.??.??"]
[EventType "swiss"]
[EventRounds "5"]
[EventCountry "FIN"]
[SourceTitle "EXT 2002"]
[Source "ChessBase"]
[SourceDate "2001.11.25"]
[SourceVersion "1"]
[SourceVersionDate "2001.11.25"]
[SourceQuality "1"]

1. d4 Nf6 2. Bg5 c5 3. Bxf6 gxf6 4. c3 Qb6 5. Qd2 d5 6. e3 Nc6 7. Ne2 Bh6 8. Ng3 Bg4 9. Be2 Bxe2 10. Qxe2 e6 11. 0-0 f5 12. f4 0-0-0 13. Nd2 Rhe8 14. a4 cxd4 15. cxd4 Kb8 16. Nf3 a5 17. Qb5 Ka7 18. Rfc1 Bf8 19. Nd2 Bb4 20. Nb3 Nb8 21. Ne2 Qxb5 22. axb5 Kb6 23. Nc3 Rc8 24. Nc5 Bxc5 25. dxc5+ Kxc5 26. Rxa5 Nd7 27. Kf2 Kb6 28. b4 Rc4 29. Na4+ Kc7 30. Rxc4+ dxc4 31. g3 Nb6 32. Nc5 Nc8 33. Ra2 Kb6 34. Ra5 0-1

[Event "FIN-chT 9596"]
[Site "Finland"]
[Date "1996.??.??"]
[Round "11"]
[White "Puranen, Jukka"]
[Black "Henttinen, Markku IO"]
[Result "1-0"]
[WhiteElo "2300"]
[BlackElo "2290"]
[PlyCount "73"]
[EventDate "1995.??.??"]
[EventType "team"]
[EventRounds "11"]
[EventCountry "FIN"]
[SourceTitle "EXT 1998"]
[Source "ChessBase"]
[SourceDate "1997.11.17"]
[SourceVersion "1"]
[SourceVersionDate "1997.11.17"]
[SourceQuality "1"]

1. d4 Nf6 2. Bg5 Ne4 3. Bf4 d5 4. f3 Nf6 5. e3 c5 6. c3 Nc6 7. Bd3 Qb6 8. Qc1 g6 9. Ne2 Bg7 10. Nd2 0-0 11. dxc5 Qxc5 12. e4 e5 13. Bg3 Bh6 14. Bf2 Be3 15. 0-0 Bxf2+ 16. Rxf2 Qe3 17. exd5 Qxd3 18. dxc6 bxc6 19. Ng3 Nd5 20. Qe1 f6 21. Nde4 f5 22. Rd1 Qe3 23. Nd2 Qxe1+ 24. Rxe1 Nf4 25. Rb1 Ba6 26. c4 Rad8 27. b3 Rd7 28. Ndf1 Rfd8 29. Rc2 Kf7 30. Ne2 Ne6 31. Kf2 Kf6 32. Rbb2 Nc5 33. Rb1 Nd3+ 34. Kg1 Nb4 35. Rcb2 c5 36. Nc3 Rd3 37. Na4 1-0

[Event "FIN-chT 9596"]
[Site "Finland"]
[Date "1996.??.??"]
[Round "4"]
[White "Westerinen, Heikki MJ"]
[Black "Henttinen, Markku IO"]
[Result "1-0"]
[WhiteElo "2410"]
[BlackElo "2290"]
[PlyCount "133"]
[EventDate "1995.??.??"]
[EventType "team"]
[EventRounds "11"]
[EventCountry "FIN"]
[SourceTitle "EXT 1998"]
[Source "ChessBase"]
[SourceDate "1997.11.17"]
[SourceVersion "1"]
[SourceVersionDate "1997.11.17"]
[SourceQuality "1"]

1. e4 Nf6 2. e5 Nd5 3. d4 d6 4. Nf3 Nb6 5. a4 a5 6. Bb5+ c6 7. Bd3 dxe5 8. Nxe5 Be6 9. c3 N8d7 10. Nf3 Bc4 11. Bc2 c5 12. Na3 Bd5 13. Nb5 Rc8 14. 0-0 e6 15. Re1 Be7 16. Bf4 Nf6 17. Ne5 0-0 18. Qd3 cxd4 19. Nxd4 Nbd7 20. Rad1 Nxe5 21. Bxe5 g6 22. Qh3 Nd7 23. Bxg6 fxg6 24. Nxe6 Qb6 25. Nxf8 Rxf8 26. Bg3 Bc5 27. Qxd7 Bxf2+ 28. Kh1 Bc6 29. Qe6+ Rf7 30. Re2 Bxg3 31. hxg3 Qc5 32. Qe5 Qf8 33. Kg1 Bxa4 34. Rde1 Bc6 35. Qd4 a4 36. Rf2 Rxf2 37. Qxf2 Qd6 38. Qf4 Qd5 39. Qf2 h5 40. Rf1 Kh7 41. Qf7+ Qxf7 42. Rxf7+ Kh6 43. Kf2 Kg5 44. c4 Kg4 45. Rf4+ Kg5 46. c5 Kh6 47. Rb4 Kg5 48. Rf4 Kh6 49. Ke3 Kg5 50. Kd2 Bxg2 51. Rxa4 Kf5 52. Ke3 g5 53. Rd4 Ke5 54. Rd2 Bc6 55. Rh2 Be8 56. b4 Kf5 57. Rb2 Bb5 58. Ra2 Kg4 59. Kf2 h4 60. gxh4 gxh4 61. Rd2 Bc6 62. Rd4+ Kg5 63. Rd6 Be4 64. b5 h3 65. Kg3 Bg2 66. c6 bxc6 67. bxc6 1-0

[Event "Espoo"]
[Site "Espoo"]
[Date "1990.??.??"]
[Round "2"]
[White "Henttinen, Markku IO"]
[Black "Nokso Koivisto, A."]
[Result "1/2-1/2"]
[WhiteElo "2300"]
[BlackElo "2380"]
[PlyCount "53"]
[EventDate "1990.??.??"]
[EventType "tourn"]
[EventRounds "9"]
[EventCountry "FIN"]
[EventCategory "5"]
[SourceTitle "EXT 1997"]
[Source "ChessBase"]
[SourceDate "1996.11.15"]
[SourceVersion "1"]
[SourceVersionDate "1996.11.15"]
[SourceQuality "1"]

1. d4 Nf6 2. c4 e6 3. Nf3 Bb4+ 4. Bd2 Bxd2+ 5. Qxd2 d5 6. Nc3 0-0 7. e3 b6 8. Be2 dxc4 9. 0-0 Bb7 10. Rfd1 Nbd7 11. Bxc4 c5 12. Qe2 Qe7 13. Rac1 Rfd8 14. Ba6 Bxa6 15. Qxa6 cxd4 16. Nxd4 Nc5 17. Qa3 Qb7 18. b4 Nce4 19. Nxe4 Nxe4 20. b5 Nc5 21. Nc6 Rxd1+ 22. Rxd1 a6 23. Qb4 axb5 24. Qxb5 g6 25. Nd8 Qe7 26. Qxb6 Nd7 27. Nc6 1/2-1/2

[Event "Espoo"]
[Site "Espoo"]
[Date "1990.??.??"]
[Round "7"]
[White "Henttinen, Markku IO"]
[Black "Westerinen, Heikki MJ"]
[Result "0-1"]
[WhiteElo "2300"]
[BlackElo "2475"]
[PlyCount "66"]
[EventDate "1990.??.??"]
[EventType "tourn"]
[EventRounds "9"]
[EventCountry "FIN"]
[EventCategory "5"]
[SourceTitle "EXT 1997"]
[Source "ChessBase"]
[SourceDate "1996.11.15"]
[SourceVersion "1"]
[SourceVersionDate "1996.11.15"]
[SourceQuality "1"]

1. d4 Nf6 2. c4 g6 3. Nc3 Bg7 4. e4 d6 5. f3 0-0 6. Be3 Nc6 7. Nge2 a6 8. Qd2 Rb8 9. Nc1 e5 10. d5 Nd4 11. N1e2 c5 12. dxc6 Nxc6 13. Nd5 b5 14. Nec3 Nxd5 15. cxd5 Nd4 16. Ne2 f5 17. Nxd4 exd4 18. Bg5 Qb6 19. Bd3 fxe4 20. fxe4 b4 21. 0-0-0 b3 22. a3 Bg4 23. Rdf1 Rfc8+ 24. Kb1 Rc2 25. Qf4 Qc7 26. Rc1 Be2 27. Bxc2 bxc2+ 28. Rxc2 Bd3 29. Rhc1 Qb6 30. b4 a5 31. Qf3 Qb5 32. Bd2 Qc4 33. Kb2 Bxc2 0-1

[Event "Espoo"]
[Site "Espoo"]
[Date "1990.??.??"]
[Round "5"]
[White "Hentunen, Asko"]
[Black "Henttinen, Markku IO"]
[Result "0-1"]
[WhiteElo "2265"]
[BlackElo "2300"]
[PlyCount "82"]
[EventDate "1990.??.??"]
[EventType "tourn"]
[EventRounds "9"]
[EventCountry "FIN"]
[EventCategory "5"]
[SourceTitle "EXT 1997"]
[Source "ChessBase"]
[SourceDate "1996.11.15"]
[SourceVersion "1"]
[SourceVersionDate "1996.11.15"]
[SourceQuality "1"]

1. c4 Nf6 2. g3 c6 3. Nf3 d5 4. b3 Bf5 5. d3 Nbd7 6. Bb2 e5 7. cxd5 Bb4+ 8. Nbd2 cxd5 9. Nxe5 Nxe5 10. Bxe5 Qe7 11. Bxf6 gxf6 12. e3 h5 13. Be2 Bh3 14. Bf3 0-0-0 15. Ke2 Kb8 16. Nb1 d4 17. a3 Bc5 18. e4 f5 19. Kd2 fxe4 20. Bxe4 f5 21. Bf3 Rc8 22. Qe2 Qc7 23. Kd1 Rhe8 24. Qd2 Bd6 25. Bxh5 Re7 26. Ra2 Qc6 27. Rg1 Rh8 28. Be2 Rxe2 29. Qxe2 Bg4 30. Nd2 Bxe2+ 31. Kxe2 Rxh2 32. Kd1 Rxf2 33. Rc2 Qe8 34. Re1 Qh5+ 35. Kc1 Bxg3 36. Re7 a6 37. b4 Bf4 38. Kb2 Qd1 39. Re8+ Ka7 40. b5 Rxd2 41. Rxd2 Bxd2 0-1

[Event "Espoo"]
[Site "Espoo"]
[Date "1990.??.??"]
[Round "8"]
[White "Nei, Iivo"]
[Black "Henttinen, Markku IO"]
[Result "1-0"]
[WhiteElo "2425"]
[BlackElo "2300"]
[PlyCount "121"]
[EventDate "1990.??.??"]
[EventType "tourn"]
[EventRounds "9"]
[EventCountry "FIN"]
[EventCategory "5"]
[SourceTitle "EXT 1997"]
[Source "ChessBase"]
[SourceDate "1996.11.15"]
[SourceVersion "1"]
[SourceVersionDate "1996.11.15"]
[SourceQuality "1"]

1. c4 Nf6 2. Nc3 e6 3. d4 Bb4 4. Qc2 c5 5. dxc5 0-0 6. Nf3 Nc6 7. a3 Bxc3+ 8. Qxc3 Ne4 9. Qe3 f5 10. Nd2 Qa5 11. Rb1 Qxc5 12. Nxe4 Qxe3 13. Bxe3 fxe4 14. c5 Rb8 15. g3 b6 16. Bg2 Rf7 17. Bxe4 bxc5 18. Bxc5 d5 19. Bc2 Ba6 20. b4 Ne5 21. Ra1 Rc8 22. Bd1 Bc4 23. f3 a5 24. Bd6 Nc6 25. bxa5 Rd7 26. Bb4 Rb7 27. Rb1 Nxa5 28. Ba4 Ba6 29. Kf2 Nc4 30. Rbc1 Rbc7 31. Bb3 Ra7 32. Rhd1 Rb8 33. Rc3 Bb5 34. Ra1 Nd2 35. Bc2 Nc4 36. Bd3 Rba8 37. Rac1 Ba6 38. e4 Bb5 39. Bf1 Kf7 40. Rd1 Nb2 41. Rd2 Bxf1 42. Rxb2 Bc4 43. Ke3 Rb7 44. Kf4 Rb5 45. exd5 exd5 46. h4 Rb6 47. Ke3 Rc6 48. Kd4 Rb6 49. Re3 Rb7 50. Rb1 Rc8 51. Rbe1 Ba2 52. Bc5 Rb3 53. Re7+ Kg8 54. R7e2 Rb5 55. Re8+ Rxe8 56. Rxe8+ Kf7 57. Ra8 Rb7 58. a4 Bc4 59. a5 Rb3 60. Ke5 g6 61. a6 1-0